Statistiques concernant Ville la plus peuplée d'un pays dont elle n'est pas la capitale

Cliquez ici pour prendre le quiz!

Statistiques générales

  • Ce quiz a été pris 866 fois
  • Le résultat moyen est 15 sur 35

Statistiques - réponses

HabitantsPaysRéponse% Correct
8 168 338Etats-UnisNew York
95%
4 198 543AustralieSydney
91%
8 803 468TurquieIstanbul
89%
13 200 000IndeBombay (Mumbai)
88%
11 000 000BrésilSão Paulo
87%
4 000 000MarocCasablanca
84%
2 503 281CanadaToronto
82%
366 145SuisseZurich
81%
18 670 000ChineShanghai
79%
9 013 534NigeriaLagos
76%
1 141 959Emirats Arabes UnisDubaï
72%
3 225 812Afrique du SudJohannesburg
72%
3 796 677Côte d'IvoireAbidjan
67%
1 223 200Nouvelle-ZélandeAuckland
61%
9 000 000PakistanKarachi
60%
5 387 100Viêt NamHô-Chi-Minh-Ville
57%
642 200Sri LankaColombo
48%
4 082 000BirmanieRangoon
37%
2 500 000TanzanieDar es Salaam
28%
2 000 000CamerounDouala
28%
1 450 095KazakhstanAlmaty
25%
761 100BéninCotonou
24%
70 800BelizeBelize City
20%
1 985 379EquateurGuayaquil
20%
2 173 831PhilippinesQuezon City
14%
1 500 000BolivieSanta Cruz
13%
5 513LiechtensteinSchaan
6%
25 000MalteBirkirkara
4%
646 235MalawiBlantyre
4%
10 743PalaosKoror
4%
10 532Saint MarinSerravalle
4%
73 000SwazilandManzini
3%
1 300 000SoudanOmdurman
3%
67 400Trinité-et-TobagoChaguanas
1%
13 900MicronésieWeno
1%

Distribution des résultats

Percentile par nombre de réponses

% des personnes avec chaque résultat

Votre développement - résultats

Vous n’avez pas pris ce quiz